Statistics for South American Geography Quiz #2

Click here to take the quiz!

General Stats

  • This quiz has been taken 13,239 times
  • The average score is 12 of 20

Answer Stats

QuestionAnswer% Correct
What are the two landlocked countries of South America?Paraguay
96%
What are the two landlocked countries of South America?Bolivia
94%
What Ecuadorian island chain was famously visited by Charles Darwin?Galapagos
86%
What South American capital city starts with the letter Q?Quito
83%
What is the most populous city in South America?São Paulo
80%
What object is depicted on the flags of Argentina and Uruguay?Sun of May
73%
What sea is found to the north Colombia and Venezuela?Caribbean Sea
72%
What is the name of the French region located in South America?French Guiana
71%
What Chilean island was first seen by Europeans on Sunday, April 5th, 1722?Easter Island
69%
What is the top agricultural export of Colombia?Coffee
69%
What city wasn't founded until 1960 but today as over 2.5 million residents?Brasília
67%
What region consists of southern Argentina and southern Chile?Patagonia
62%
What is the southernmost point in the Tierra del Fuego?Cape {Horn}
49%
Chile is the number one producer of what battery ingredient?Lithium
45%
What is the currency of Brazil?Brazilian Real
39%
What is the world's largest rodent, found only in South America?Capybara
39%
What city in Peru was once the capital of the Incan empire?Cusco
37%
What city's unfinished Tower of David skyscraper was home to 2,500 squatters until 2015?Caracas
33%
What city, starting with the letter R, is the eastern-most major city in South America?Recife
32%
What massive waterfalls are found on the border of Argentina and Brazil?Iguazu Falls
31%

Score Distribution

Percentile by Number Answered

Percent of People with Each Score

Your Score History

You have not taken this quiz